[Event "AUTO-MASTER-3287"]
[Site "http://www.queenalice.com/game.php?id=1865160"]
[Date "2025.11.4"]
[Round "1"]
[White "Capixaba789"]
[Black "Fauquinelle"]
[Result "1/2-1/2"]
[WhiteElo "1835"]
[BlackElo "2011"]

1. d4 d5 2. Nc3 Nf6 3. f4 Bf5 4. Nf3 e6 5. e3 Bb4 6. Bd2 O-O 7. Bd3 Bxc3 8. Bxc3
Be4 9. O-O Bxd3 10. cxd3 Qd6 11. Ne5 Nbd7 12. a3 c5 13. dxc5 Nxc5 14. b4 Ncd7
15. d4 Ne4 16. Bb2 Nb6 17. Rc1 Rac8 18. Qh5 Nf6 19. Qh3 h6 20. Rc5 Ne4 21. Rxc8
Rxc8 22. Rc1 Rxc1+ 23. Bxc1 f6 24. Ng6 Kf7 25. Nh4 Nd7 26. Qf3 g6 27. h3 f5 28.
Qd1 Qc6 29. Bb2 Nb6 30. Nf3 Nc4 31. Ba1 Kf6 32. Ne5 Nxe5 33. fxe5+ Kg7 34. a4 a6
35. a5 h5 36. Kh2 Qc4 37. Qe1 Kh6 38. h4 Qc2 39. Kh3 Nf2+ 40. Kh2 Ne4 41. Kh3
Nd2 42. Qf2 Qc1 43. Qf4+ Kg7 44. Qg5 Qc7 45. Qf6+ Kh7 46. Qxe6 Qc6 47. Qxc6 bxc6
48. Kg3 Ne4+ 49. Kf4 Kg7 50. Bb2 Kf7 51. Ba1 Ke6 1/2-1/2

[Event "AUTO-MASTER-3287"]
[Site "http://www.queenalice.com/game.php?id=1865173"]
[Date "2025.11.4"]
[Round "1"]
[White "rmvwoods"]
[Black "Fauquinelle"]
[Result "1/2-1/2"]
[WhiteElo "2031"]
[BlackElo "1918"]

1. e4 c6 2. d4 d5 3. e5 Bf5 4. Nc3 e6 5. Nf3 c5 6. Bd3 Bxd3 7. Qxd3 c4 8. Qe2
Be7 9. Bd2 a6 10. O-O b5 11. a3 b4 12. axb4 Bxb4 13. Na4 Nc6 14. Bxb4 Nxb4 15.
Nc5 Qb6 16. c3 Nc6 17. Ng5 Nd8 18. f4 Ne7 19. Qh5 g6 20. Qe2 h6 21. Nf3 Nb7 22.
Na4 Qb5 23. Ra2 O-O 24. Rfa1 Nc6 25. Nh4 Ne7 26. Qc2 Nc6 27. Rb1 Nca5 28. Nf3
Nb3 29. Nd2 Rfc8 30. Ra3 Nxd2 31. Qxd2 Na5 32. Nc5 Rxc5 33. dxc5 Qxc5+ 34. Qf2
Qb5 35. g4 Nb3 36. Kg2 a5 37. f5 Rf8 38. f6 Ra8 39. Qh4 Kh7 40. Qf2 Ra6 41. h4
Qb6 42. Qc2 Qe3 43. h5 Qf4 44. hxg6+ fxg6 45. Qe2 Nd2 46. Rd1 Ne4 47. Qf3 Qxf3+
48. Kxf3 Ng5+ 49. Ke3 Nf7 50. Kd4 g5 51. Kc5 Nxe5 52. Kb5 Ra7 53. Rxa5 Rxa5+ 54.
Kxa5 Kg6 55. Rf1 Kf7 56. Ka4 Nxg4 1/2-1/2

[Event "AUTO-ADV-4890"]
[Site "http://www.queenalice.com/game.php?id=1865440"]
[Date "2025.11.11"]
[Round "2"]
[White "JailtonMaster"]
[Black "Fauquinelle"]
[Result "1-0"]
[WhiteElo "2175"]
[BlackElo "2021"]

1. d4 d5 2. c4 c6 3. Nc3 Nf6 4. Nf3 dxc4 5. Bg5 Nd5 6. e4 Nxc3 7. bxc3 b5 8. a4
a6 9. axb5 cxb5 10. Be2 Nc6 11. O-O h6 12. Bh4 Bg4 13. d5 Bxf3 14. Bxf3 Ne5 15.
Be2 Ng6 16. Bg3 e6 17. dxe6 fxe6 18. Bh5 Qg5 19. h4 Qf6 20. e5 Qf5 21. Qb1 Qxb1
22. Raxb1 Kf7 23. f4 1-0

[Event "AUTO-ADV-4890"]
[Site "http://www.queenalice.com/game.php?id=1865441"]
[Date "2025.11.11"]
[Round "2"]
[White "Fauquinelle"]
[Black "JailtonMaster"]
[Result "0-1"]
[WhiteElo "1983"]
[BlackElo "2212"]

1. d4 d5 2. c4 c6 3. Nf3 Nf6 4. Nc3 e6 5. e3 Nbd7 6. Bd3 dxc4 7. Bxc4 b5 8. Bd3
Bb7 9. O-O a6 10. e4 c5 11. dxc5 Bxc5 12. Bg5 O-O 13. Qc2 Qb6 14. Qe2 h6 15. Bh4
Rac8 16. e5 Nd5 17. Nxd5 Bxd5 18. Be4 Bxe4 19. Qxe4 f5 20. Qd3 Rf7 21. a3 Qb8
22. Rfe1 g5 23. Bxg5 hxg5 24. Nxg5 Re7 25. Kf1 Nxe5 26. Qg3 Ng4 27. h3 Qxg3 0-1

[Event "AUTO-ADV-4890"]
[Site "http://www.queenalice.com/game.php?id=1865448"]
[Date "2025.11.11"]
[Round "2"]
[White "Fauquinelle"]
[Black "Capixabba789"]
[Result "0-1"]
[WhiteElo "1948"]
[BlackElo "1844"]

1. d4 d5 2. c4 Nf6 3. Nc3 e6 4. Bg5 Be7 5. e3 c6 6. Nf3 O-O 7. Bd3 dxc4 8. Bxc4
Nbd7 9. O-O Nb6 10. Bd3 Bd7 11. Qc2 g6 12. Ne5 Nbd5 13. Ne2 Nb4 14. Qb3 Nxd3 15.
Qxd3 Nd5 16. Bh6 Re8 17. Nf3 Bf6 18. Ng3 Bg7 19. Bxg7 Kxg7 20. h4 Nf6 21. b4 b5
22. e4 a5 23. a3 a4 24. Rac1 Kg8 25. Rc5 Qe7 26. e5 Nd5 27. Qe4 f6 28. exf6 Qxf6
29. Ne5 Rad8 30. Nxd7 Rxd7 31. Rxc6 Nf4 32. Rd1 Qxh4 33. Ne2 Nh3+ 0-1

[Event "AUTO-ADV-4890"]
[Site "http://www.queenalice.com/game.php?id=1865449"]
[Date "2025.11.11"]
[Round "2"]
[White "Capixabba789"]
[Black "Fauquinelle"]
[Result "0-1"]
[WhiteElo "1865"]
[BlackElo "2009"]

1. d4 d5 2. Nc3 c6 3. f4 Bf5 4. Nf3 e6 5. e3 c5 6. Be2 Nf6 7. O-O Nc6 8. Ne5 Qb6
9. Na4 Qa5 10. Nxc5 Bxc5 11. dxc5 Qxc5 12. a4 Bxc2 13. Qe1 O-O 14. Bd2 Ne4 15.
Nd7 Qd6 16. Nxf8 Kxf8 17. Bf3 Nxd2 18. Qxd2 Bb3 19. a5 a6 20. e4 Qc5+ 21. Kh1
Ne7 22. exd5 Nxd5 23. h3 b5 24. Bxd5 Bxd5 25. b4 Qc7 26. Qe1 g6 27. Rc1 Qb7 28.
Qf2 Rc8 29. Rxc8+ Qxc8 30. Qc5+ Qxc5 31. bxc5 Ke8 32. Rc1 Kd7 33. Kg1 Kc6 34.
Kf2 b4 35. Ke3 Bxg2 36. h4 Bd5 37. Kd4 b3 38. Rb1 Kb5 39. Ke5 Kxc5 40. Kf6 Kb4
41. Kg7 h5 42. Kxf7 e5+ 43. Kxg6 Be4+ 44. Kxh5 Bxb1 45. fxe5 b2 46. e6 Ba2 47.
e7 Bf7+ 0-1

[Event "AUTO-OPEN-4629"]
[Site "http://www.queenalice.com/game.php?id=1866784"]
[Date "2025.12.9"]
[Round "1"]
[White "Fauquinelle"]
[Black "WoodpusherKid"]
[Result "0-1"]
[WhiteElo "1985"]
[BlackElo "2608"]

1. e4 e5 2. Nf3 Nc6 3. Bc4 Bc5 4. c3 Nf6 5. d3 O-O 6. Bg5 h6 7. Bh4 g5 8. Bg3 d6
9. h4 g4 10. Nh2 a6 11. f3 Na5 12. Nd2 Nh5 13. Nhf1 Nxc4 14. Nxc4 b5 15. Nce3
Bxe3 16. Nxe3 Nxg3 0-1

[Event "AUTO-OPEN-4629"]
[Site "http://www.queenalice.com/game.php?id=1866785"]
[Date "2025.12.9"]
[Round "1"]
[White "WoodpusherKid"]
[Black "Fauquinelle"]
[Result "1-0"]
[WhiteElo "2605"]
[BlackElo "2011"]

1. g3 c6 2. Nf3 d5 3. d4 Bf5 4. c4 dxc4 5. Bg2 e6 6. Nbd2 Bb4 7. O-O c3 8. bxc3
Ba5 9. Ba3 Bxc3 10. Ne5 Bxd4 11. Ndc4 1-0

[Event "AUTO-OPEN-4629"]
[Site "http://www.queenalice.com/game.php?id=1866786"]
[Date "2025.12.9"]
[Round "1"]
[White "Fauquinelle"]
[Black "askasl159"]
[Result "1-0"]
[WhiteElo "1965"]
[BlackElo "1512"]

1. e4 e5 2. Bc4 Nf6 3. d3 Bc5 4. Nf3 Nc6 5. Nc3 O-O 6. O-O h6 7. Bd2 a6 8. Qc1
b5 9. Bd5 Bb7 10. a3 Ra7 11. Bb3 Re8 12. Nd5 Nd4 13. Nxf6+ 1-0

[Event "AUTO-OPEN-4629"]
[Site "http://www.queenalice.com/game.php?id=1866787"]
[Date "2025.12.9"]
[Round "1"]
[White "askasl159"]
[Black "Fauquinelle"]
[Result "0-1"]
[WhiteElo "1514"]
[BlackElo "1963"]

1. e4 e5 2. f4 exf4 3. Nf3 Be7 4. Bc4 Bh4+ 5. Ke2 d6 6. h3 Nf6 7. Nc3 Bg3 8. d4
O-O 9. Qd3 Re8 10. Rf1 d5 11. Nxd5 Nxd5 12. Bxd5 Qxd5 13. e5 b6 0-1

[Event "AUTO-ADV-4908"]
[Site "http://www.queenalice.com/game.php?id=1866909"]
[Date "2025.12.11"]
[Round "1"]
[White "Fauquinelle"]
[Black "marcoswerneck"]
[Result "0-1"]
[WhiteElo "2019"]
[BlackElo "1870"]

1. d4 d5 2. c4 c6 3. Nf3 h6 4. Nc3 e6 5. Bf4 Bd6 6. Ne5 Qe7 7. cxd5 cxd5 8. e3
Nf6 9. Be2 O-O 10. O-O Bxe5 11. Bxe5 a6 12. Rc1 Nc6 13. Bg3 Bd7 14. Bf3 b5 15.
Ne2 a5 16. Nf4 a4 17. Be2 Ne4 18. Bxb5 Nxg3 19. hxg3 e5 20. Nxd5 Qd6 21. Bxc6
Bxc6 22. Ne7+ Qxe7 23. Rxc6 e4 24. Qc2 Kh8 25. Rc1 Qe8 26. Qc4 Kg8 27. Rc3 Kh8
28. Ra3 Rb8 29. b3 axb3 30. axb3 Kh7 31. b4 Rxb4 32. Qxb4 Qxc6 33. Rc3 Qe8 34.
d5 f5 35. f3 exf3 36. gxf3 Rf6 37. g4 fxg4 38. Qxg4 Rg6 39. Qxg6+ Kxg6 40. Rc6+
Kf5 41. Re6 Qd7 42. e4+ Kf4 43. Kg2 h5 44. Rg6 Qf7 45. Rg3 Qf6 46. Rh3 h4 47.
Kf1 g5 48. Rh2 Qa1+ 49. Kg2 Qb2+ 50. Kh3 Qb5 51. Rf2 Ke3 52. Kg2 h3+ 0-1

[Event "AUTO-ADV-4908"]
[Site "http://www.queenalice.com/game.php?id=1866910"]
[Date "2025.12.11"]
[Round "1"]
[White "marcoswerneck"]
[Black "Fauquinelle"]
[Result "1-0"]
[WhiteElo "1862"]
[BlackElo "1937"]

1. e4 c5 2. d3 Nc6 3. Nf3 g6 4. Be3 b6 5. a3 d5 6. exd5 Qxd5 7. Be2 Bg7 8. Nc3
Bxc3+ 9. bxc3 Nf6 10. c4 Qd6 11. Qd2 e5 12. O-O Ng4 13. c3 Nxe3 14. Qxe3 O-O 15.
Qh6 f6 16. Qe3 Bb7 17. d4 cxd4 18. cxd4 exd4 19. Qd2 Rad8 20. Bd3 Ne5 21. Nxe5
Qxe5 22. Rfe1 Qg5 23. Qxg5 fxg5 24. a4 a6 25. Re6 Ra8 26. Rxb6 Rf7 27. c5 Bc8
28. Bc4 1-0

[Event "AUTO-MASTER-3279"]
[Site "http://www.queenalice.com/game.php?id=1867596"]
[Date "2026.1.7"]
[Round "2"]
[White "Fauquinelle"]
[Black "raulzampronha"]
[Result "1-0"]
[WhiteElo "1974"]
[BlackElo "2270"]

1. d4 Nf6 2. Bf4 c5 3. dxc5 Qa5+ 4. Qd2 Qxc5 5. Qc3 e6 6. e3 Nc6 7. Nf3 Qh5 8.
Nbd2 d5 9. Be2 Bb4 10. Qb3 Qg6 11. c3 Be7 12. Nh4 1-0